01501cam a2200361 a 4500001001400000003000800014005001700022006001900039007001500058008004100073020003800114040003000152049002600182050002400208082001700232100001700249245008800266250001200354260005200366300004200418500004600460520025900506504005100765521001700816588004700833650002600880655002900906710001600935776003500951856011800986942001601104999001901120EDZ0000083373StDuBDS20161031105213.0m||||||||d||||||||cr |||||||||||120427s2011 caua fo| 001|0|eng|d a9781446252000 (ebook) :cNo price aStDuBDSbengcStDuBDSepn aAlfaisal Main Library 0aLB1025.3b.R63 201104a371.10242231 aRoffey, Sue.14aThe new teacher's survival guide to behaviourh[electronic resource] /cSue Roffey. a2nd ed. aLos Angeles, [Calif.] ;aLondon :bSAGE,c2011. a1 online resource (x, 148 p.) :bill. aPrevious ed.: London: Paul Chapman, 2004.8 aDo you dread Monday? Ever wondered how you're going to face that class? This text is designed to help the new teacher establish and maintain positive relationships with all students. It also looks at the professional needs of the new teachers themselves. aIncludes bibliographical references and index. aSpecialized. aDescription based on print version record. 0aClassroom management. 7aElectronic books.2local2 aSage eBooks08iPrint version :z978184920744740uhttp://ezproxy.alfaisal.edu/login?url=http://sk.sagepub.com/books/the-new-teachers-survival-guide-to-behaviour-2e 2lcccEBOOKS c481605d481605